000 01016nam a2200265 i 4500
001 bg
100 1 _aJANUSZEWSKI, Bogusław
245 0 _aRysunek techniczny w projektowaniu instalacji sanitarnych /
_cBogusław Januszewski, Małgorzata Nowaczyńska, Anna Steciak.
260 _aRzeszów :
_bOficyna Wydaw. Politechniki Rzeszowskiej,
_c1997.
300 _a253 s. (w tym 3 k. tabl. złoż.) :
_brys., wykr. ;
_c24 cm.
504 _aBibliogr. s. 251-253.
521 _aSkrypt dla studentów Wydz. Budownictwa i Inżynierii Środowiska do wykładów i ćwiczeń projektowych z przedmiotu Geometria wykreślna i rysunek techniczny.
650 9 _aInstalacje sanitarne
_xprojekty
650 9 _aRysunek techniczny
655 _aPodręczniki akademickie
700 1 _aNOWACZYŃSKA, Małgorzata
700 1 _aSTECIAK, Anna
020 _a8386705760
040 _cBPK
041 0 _apl
080 _a628.1/.3:744](075.8)
920 _a83-86705-76-0
942 _cKS
008 s pl f |000 0 pol
999 _c31654
_d31654
856 _uhttp://koha.tu.koszalin.pl/cgi-bin/koha/opac-detail.pl?biblionumber=31654
_yKatalog online BPK